| 000 | 00612nam a2200229 a 4500 | ||
|---|---|---|---|
| 001 | 00003361 | ||
| 008 | 110328s1983 bg a g 000 0 eng d | ||
| 040 |
_aBD-DhIUB _cBD-DhIUB |
||
| 082 | 0 | 4 |
_a925.3 _219 |
| 100 | 1 | _aAli, Mohammad Nasir | |
| 245 | 0 | 0 |
_aAlbert Einstein / _cMohammad Nasir Ali |
| 250 | _a3rd ed. | ||
| 260 |
_aDhaka : _bMuktadhara, _c1983. |
||
| 300 |
_a100 p. ; _c21 cm. |
||
| 520 | 0 | _aGeneral collection | |
| 556 | _a1997-07-22 | ||
| 650 | 1 | 7 |
_aScientists _2Spines |
| 650 | 2 | 7 |
_aBiographies _2Spines |
| 653 | 0 | 0 | _aEinstein, Albert |
| 999 |
_c11571 _d11571 |
||
| 526 | _bcse | ||